| 000 | 01056cad a2200277 4500 | ||
|---|---|---|---|
| 001 | L158777 | ||
| 008 | 100215n2013 000 0 eng u | ||
| 020 | _a9781783210305 | ||
| 035 | _a(Sirsi) u158777 | ||
| 041 | _aeng | ||
| 100 | 1 | _aIyer, K. C. | |
| 111 | 2 |
_aConstruction and Building Research Conference _cIIT Delhi, New Delhi _d10-12 September 2013 |
|
| 245 | 0 | 0 |
_aDevelopment of pricing model for Indian airports _h[electronic resource] |
| 260 |
_aLondon _bRICS _c2013 |
||
| 490 | 0 |
_aCOBRA _v2013 |
|
| 520 | _aA paper presented at the COBRA Conference in New Delhi on 10-12 September 2013. Attempts to develop a suitable till model which can be used by the regulating institutions for developing an effective regulatory framework. | ||
| 650 | 2 | 4 | _aCONSTRUCTION AND BUILDING RESEARCH CONFERENCE (COBRA) |
| 650 | 2 | 4 | _aAIRPORT DEVELOPMENT |
| 650 | 2 | 4 | _aCOST MODEL |
| 650 | 2 | 4 | _aPUBLIC PRIVATE PARTNERSHIPS |
| 651 | 4 | _aIndia | |
| 690 |
_aProject management _96261 |
||
| 700 | 1 | _aSagheer, Mohammed | |
| 700 | 1 | _aChaithanya, V | |
| 942 | _n0 | ||
| 999 |
_c115497 _d115497 |
||